000 00584nam a22001937a 4500
005 20251108174619.0
008 250721s2002 xx 000 0 ara d
082 1 4 _a379.0431/محم
100 1 _aناصف، محمد أحمد
_eمؤلف
245 1 0 _aالتجربة الألمانية /
264 1 _aالقاهرة :
_bمكتبة النهضة المصرية،
_c2002.
300 _a269ص
490 0 _aدراسات في نظم التعليم
_v1
650 1 7 _aالتعليم
650 1 7 _aالدراسات
650 1 7 _aالمانيا
942 _2ddc
_cBK
999 _c113606
_d113606